Programování v jazyku symbolických adres JSEP
Saved in:
| Main Author: | |
|---|---|
| Other Authors: | |
| Format: | Book |
| Language: | Czech |
| Published: |
Praha
Stát. nakl. techn. lit.
1988
|
| Edition: | 1. vyd. |
| Tags: |
No Tags, Be the first to tag this record!
|
MARC
| LEADER | 00000nam a2200000 4500 | ||
|---|---|---|---|
| 001 | c036655 | ||
| 005 | 20260319093624.2 | ||
| 041 | 0 | |a cze | |
| 044 | |a CZ | ||
| 245 | 1 | 0 | |a Programování v jazyku symbolických adres JSEP |c Jan Skula, Richard Špíšek |
| 250 | |a 1. vyd. | ||
| 264 | 1 | |a Praha |b Stát. nakl. techn. lit. |c 1988 | |
| 300 | |a 382 s. | ||
| 100 | 1 | |a Skula, Jan | |
| 700 | 1 | |a Špíšek, Richard | |